| 000 | 00597nam a22002177a 4500 | ||
|---|---|---|---|
| 003 | OSt | ||
| 005 | 20140310182951.0 | ||
| 008 | 130206t xxu||||| |||| 00| 0 eng d | ||
| 020 | _a9789712353192 | ||
| 050 |
_aLB 2364 _b.Ad221 2010 |
||
| 100 | _aAdanza, Estela G. | ||
| 245 |
_aMethods of research : _cEstela G. Adanza, Pedrito Jose U. Bermudo, Marietta, B. Rasonabe _ba primer / |
||
| 260 |
_aManila : _bRex Bookstore, _c2009. |
||
| 300 |
_a239 p. : _c22 cm. _bill. ; |
||
| 521 | _aEDU | ||
| 562 | _e3 | ||
| 942 |
_2lcc _cBK _kLOC |
||
| 999 |
_c17917 _d17917 |
||